[Event "TCh-FRA Top 12 2018"]
[Site "Brest FRA"]
[Date "2018.06.02"]
[Round "8.4"]
[Board "4"]
[White "Lagarde, Maxime"]
[Black "Sokolov, Andrei1"]
[Result "1/2-1/2"]
[WhiteTitle "GM"]
[BlackTitle "GM"]
[WhiteElo "2604"]
[BlackElo "2489"]
[WhiteTeam "NICE Alekhine"]
[BlackTeam "MULHOUSE Philidor"]
[WhiteFideId "662399"]
[BlackFideId "627089"]
[EventDate "2018.05.26"]

1. e4 c5 2. Nf3 e6 3. d4 cxd4 4. Nxd4 Nc6 5. Nc3 Qc7 6. Be3 a6 7. Qf3 Nf6 8.
O-O-O Ne5 9. Qg3 b5 10. a3 Rb8 11. f4 Neg4 12. e5 Nxe3 13. Qxe3 Ng4 14. Qg3 f5
15. Be2 Nh6 16. b4 g6 17. h4 Nf7 18. Rh3 Bh6 19. Kb1 Bb7 20. Nb3 O-O 21. Nc5 Bc8
22. Qf2 Rb6 23. Rhd3 d6 24. exd6 Rxd6 25. Rxd6 Nxd6 26. h5 Nf7 27. hxg6 hxg6 28.
g3 Bg7 29. Qe3 Rd8 30. a4 Rxd1+ 31. Bxd1 Qd6 32. Be2 Bd4 33. Qd3 Bxc5 34. bxc5
Qxc5 35. axb5 axb5 36. Nxb5 Bb7 37. Qd4 Qxd4 38. Nxd4 e5 39. Ne6 exf4 40. gxf4
Nd6 41. c4 Kf7 42. Nd4 Kf6 43. Kc2 Ne4 44. Bf3 g5 45. fxg5+ Ke5 1/2-1/2

[Event "TCh-FRA Top 12 2018"]
[Site "Brest FRA"]
[Date "2018.06.02"]
[Round "8.4"]
[Board "5"]
[White "Heimann, Andreas"]
[Black "Barseghyan, Harutyun"]
[Result "1-0"]
[WhiteTitle "GM"]
[BlackTitle "IM"]
[WhiteElo "2589"]
[BlackElo "2471"]
[WhiteTeam "MULHOUSE Philidor"]
[BlackTeam "NICE Alekhine"]
[WhiteFideId "24624632"]
[BlackFideId "13304585"]
[EventDate "2018.05.26"]

1. e4 e6 2. d4 d5 3. Nc3 Bb4 4. e5 Ne7 5. a3 Bxc3+ 6. bxc3 c5 7. Qg4 O-O 8. Bd3
Nbc6 9. Bg5 Qa5 10. Ne2 cxd4 11. f4 dxc3 12. O-O Qa4 13. Qh5 Ng6 14. Rf3 Nd4 15.
Rh3 Nxe2+ 16. Kh1 h6 17. Bxh6 Ngxf4 18. Bh7+ Kh8 19. Bxg7+ 1-0

[Event "TCh-FRA Top 12 2018"]
[Site "Brest FRA"]
[Date "2018.06.02"]
[Round "8.4"]
[Board "6"]
[White "Flear, Glenn C"]
[Black "Burri, Quentin"]
[Result "1/2-1/2"]
[WhiteTitle "GM"]
[BlackTitle "FM"]
[WhiteElo "2444"]
[BlackElo "2434"]
[WhiteTeam "NICE Alekhine"]
[BlackTeam "MULHOUSE Philidor"]
[WhiteFideId "400165"]
[BlackFideId "26028654"]
[EventDate "2018.05.26"]

1. d4 d5 2. c4 c6 3. Nc3 Nf6 4. e3 Bf5 5. cxd5 cxd5 6. Qb3 Nc6 7. Qxb7 Bd7 8.
Qb3 Rb8 9. Qd1 e5 10. dxe5 Nxe5 11. Be2 Bd6 12. Nf3 O-O 13. O-O Qe7 14. Nd4 Rfc8
15. h3 Rb6 16. a4 Bb4 17. a5 Rbb8 18. Bd2 Nc4 19. Bxc4 Rxc4 20. Rc1 Qc5 21. Nce2
Qxa5 22. Bxb4 Qxb4 23. b3 Rxc1 24. Qxc1 Rc8 25. Qa1 Bb5 26. Nxb5 Qxb5 27. Nd4
Qc5 28. Qa6 Rc7 29. Nb5 Rc6 30. Qxa7 Qxa7 31. Nxa7 Rb6 32. Rb1 Kf8 33. b4 Ne8
34. b5 Nd6 35. Rd1 Ke8 36. Rxd5 Kd7 37. e4 f6 38. f4 Ke6 39. f5+ Kd7 40. Rd4 Kc7
41. Kf2 Rb7 42. Ra4 Kb8 43. Nc6+ Kc7 44. Nd4 Nxe4+ 45. Ke3 Nd6 46. Ra8 Nxb5 47.
Rg8 Kd6 48. Nxb5+ Rxb5 49. Rxg7 h5 50. Kf4 Rb4+ 51. Kg3 Rb5 52. Kh4 Rxf5 53. g3
Ke6 54. Rh7 Ra5 55. Rxh5 Ra4+ 56. g4 Kf7 57. Rf5 Kg6 58. Rf3 Ra5 59. Rb3 Ra6 60.
Rf3 Ra5 61. Kg3 f5 62. Rxf5 Rxf5 63. gxf5+ Kxf5 1/2-1/2

[Event "TCh-FRA Top 12 2018"]
[Site "Brest FRA"]
[Date "2018.06.02"]
[Round "8.4"]
[Board "7"]
[White "Gatineau, Yovann"]
[Black "Demuth, Adrien"]
[Result "1/2-1/2"]
[WhiteTitle "FM"]
[BlackTitle "GM"]
[WhiteElo "2367"]
[BlackElo "2542"]
[WhiteTeam "MULHOUSE Philidor"]
[BlackTeam "NICE Alekhine"]
[WhiteFideId "26028999"]
[BlackFideId "642274"]
[EventDate "2018.05.26"]

1. d4 Nf6 2. c4 c5 3. d5 b5 4. Nf3 b4 5. Qc2 g6 6. e4 d6 7. a3 Na6 8. Bd2 Qb6 9.
Bd3 Bg7 10. Qb3 O-O 11. O-O e5 12. Nh4 Rb8 13. Qc2 Qd8 14. g3 Nh5 15. Ng2 Qe7
16. Be2 Nf6 17. Bd3 Nh5 18. Be2 Nf6 19. Bd3 Ne8 20. Nh4 bxa3 21. Rxa3 Nb4 22.
Bxb4 Rxb4 23. Nc3 Bf6 24. Ng2 Qd7 25. Na2 Rb7 26. Rb1 Bd8 27. Qa4 Qc7 28. b4
cxb4 29. Nxb4 Qc5 30. Ne3 Bg5 31. Nd1 Bd7 32. Nc6 Bxc6 33. dxc6 Rxb1 34. Bxb1
Ng7 35. Bd3 Rc8 36. Qxa7 Ne6 37. h4 Bd2 38. Qa6 Rxc6 39. Qa8+ Rc8 40. Qa4 Rb8
41. Ra2 Bh6 42. Bf1 Qd4 43. Qa7 Rb1 44. Qxd4 exd4 45. Nb2 Nc5 46. Kg2 Bc1 1/2-1/2

[Event "TCh-FRA Top 12 2018"]
[Site "Brest FRA"]
[Date "2018.06.02"]
[Round "8.4"]
[Board "8"]
[White "Bollengier, Andreea"]
[Black "Haussernot, Cecile"]
[Result "1-0"]
[WhiteTitle "WIM"]
[BlackTitle "WIM"]
[WhiteElo "2260"]
[BlackElo "2189"]
[WhiteTeam "NICE Alekhine"]
[BlackTeam "MULHOUSE Philidor"]
[WhiteFideId "1203347"]
[BlackFideId "601632"]
[EventDate "2018.05.26"]

1. d4 Nf6 2. Nf3 e6 3. Bf4 b6 4. e3 Bb7 5. Nbd2 Be7 6. h3 O-O 7. Bd3 c5 8. c3 d5
9. O-O Nbd7 10. Qb1 c4 11. Bc2 b5 12. e4 dxe4 13. Nxe4 Nxe4 14. Bxe4 Bxe4 15.
Qxe4 Nf6 16. Qe2 Nd5 17. Bg3 Rc8 18. Ne5 a5 19. a4 b4 20. cxb4 Nxb4 21. Nxc4
Qxd4 22. b3 Nd5 23. Nxa5 Qc3 24. Nb7 Qxb3 25. Rfb1 Qc3 26. Be5 Qc6 27. Qb5 Qc2
28. Qb3 Qf5 29. Qg3 f6 30. Nd6 Bxd6 31. Bxd6 Nc3 32. Qg4 Qxg4 33. hxg4 Rfd8 34.
Rb6 Ra8 35. a5 Nd5 36. Rc6 Kf7 37. Bc5 Rdc8 38. Rxc8 Rxc8 39. Bd4 e5 40. Bb2 Ra8
41. Kf1 Ke6 42. Ke2 Nf4+ 43. Kf3 Rb8 44. Bc1 Nd3 45. Be3 Kd5 46. a6 h5 47. gxh5
f5 48. a7 Ra8 49. Rb1 1-0

[Event "TCh-FRA Top 12 2018"]
[Site "Brest FRA"]
[Date "2018.06.02"]
[Round "8.5"]
[Board "2"]
[White "Ragger, Markus"]
[Black "Kosten, Anthony C."]
[Result "1-0"]
[WhiteTitle "GM"]
[BlackTitle "GM"]
[WhiteElo "2672"]
[BlackElo "2448"]
[WhiteTeam "BISCHWILLER"]
[BlackTeam "C.E.M.C. Monaco"]
[WhiteFideId "1610856"]
[BlackFideId "400114"]
[EventDate "2018.05.26"]

1. d4 Nf6 2. c4 e6 3. g3 d5 4. Nf3 Be7 5. Bg2 O-O 6. O-O dxc4 7. Qc2 b6 8. Bg5
Nd5 9. Bxe7 Qxe7 10. Nbd2 Ba6 11. Nxc4 c5 12. Rac1 Rc8 13. Ne3 Nxe3 14. fxe3 Nd7
15. Ne5 cxd4 16. Qa4 Rxc1 17. Rxc1 Rc8 18. Rxc8+ Bxc8 19. Nc6 Qg5 20. Qxd4 e5
21. Qc3 Ba6 22. Qd2 g6 23. Nxa7 Kg7 24. Nc6 Nf6 25. Qc3 Ng4 26. Bf3 f6 27. Nb4
Bc4 28. b3 Bf7 29. e4 Qh5 30. h4 g5 31. Qc8 1-0

[Event "TCh-FRA Top 12 2018"]
[Site "Brest FRA"]
[Date "2018.06.02"]
[Round "8.5"]
[Board "3"]
[White "Dornbusch, Tatiana"]
[Black "Rodshtein, Maxim"]
[Result "0-1"]
[WhiteTitle "WGM"]
[BlackTitle "GM"]
[WhiteElo "2290"]
[BlackElo "2678"]
[WhiteTeam "C.E.M.C. Monaco"]
[BlackTeam "BISCHWILLER"]
[WhiteFideId "14107449"]
[BlackFideId "2806851"]
[EventDate "2018.05.26"]

1. Nf3 c5 2. g3 Nc6 3. Bg2 g6 4. d4 cxd4 5. Nxd4 Bg7 6. Nxc6 bxc6 7. O-O h5 8.
Nd2 h4 9. Nf3 hxg3 10. hxg3 Rb8 11. Bf4 Rxb2 12. Be5 Bxe5 13. Nxe5 Nf6 14. Qd4
Qb6 15. Qc4 Rh7 16. a4 Rb4 17. Qc3 Ba6 18. a5 Qb8 19. Rfd1 Nd5 20. Bxd5 cxd5 21.
Nc6 dxc6 22. Qxc6+ Kf8 23. Qxa6 Qe5 24. Qd3 Rh5 25. Rab1 Rc4 26. Rb5 Rc3 27. Qd4
Rxg3+ 0-1

[Event "TCh-FRA Top 12 2018"]
[Site "Brest FRA"]
[Date "2018.06.02"]
[Round "8.5"]
[Board "4"]
[White "Naiditsch, Arkadij"]
[Black "Meylan, Andre"]
[Result "1-0"]
[WhiteTitle "GM"]
[WhiteElo "2697"]
[BlackElo "2179"]
[WhiteTeam "BISCHWILLER"]
[BlackTeam "C.E.M.C. Monaco"]
[WhiteFideId "4650891"]
[BlackFideId "1301225"]
[EventDate "2018.05.26"]

1. d4 e6 2. Nf3 Nf6 3. Bg5 c5 4. e3 Be7 5. Nbd2 b6 6. c3 O-O 7. h4 Ba6 8. Bxa6
Nxa6 9. Qe2 Nc7 10. Ne5 cxd4 11. cxd4 Nfd5 12. Bxe7 Nxe7 13. h5 d6 14. Nd3 Qd7
15. h6 g6 16. g4 f6 17. Rc1 Rac8 18. O-O e5 19. dxe5 dxe5 20. Ne4 f5 21. Ng5
fxg4 22. e4 Nc6 23. Qd1 Kh8 24. Rxc6 Qxc6 25. Nxe5 Qe8 26. Nd7 Nb5 27. Nxf8 Qxf8
28. Qd7 Rc7 29. Qxb5 Rc5 30. Ne6 1-0

[Event "TCh-FRA Top 12 2018"]
[Site "Brest FRA"]
[Date "2018.06.02"]
[Round "8.5"]
[Board "5"]
[White "Ribbegren, Karl Johan"]
[Black "Bacrot, Etienne"]
[Result "0-1"]
[BlackTitle "GM"]
[WhiteElo "2222"]
[BlackElo "2714"]
[WhiteTeam "C.E.M.C. Monaco"]
[BlackTeam "BISCHWILLER"]
[WhiteFideId "5400040"]
[BlackFideId "605506"]
[EventDate "2018.05.26"]

1. Nf3 Nf6 2. g3 b6 3. Bg2 Bb7 4. O-O e6 5. d3 d5 6. Nbd2 Be7 7. e4 c5 8. Re1
Nc6 9. c3 Qc7 10. a3 a5 11. exd5 Nxd5 12. a4 O-O 13. Nc4 Rfd8 14. Bg5 Ba6 15.
Qe2 Rac8 16. Rad1 h6 17. Bc1 Bf6 18. h4 Rd7 19. Nh2 Be7 20. Ng4 Bf8 21. Nce5
Nxe5 22. Nxe5 Rdd8 23. h5 Bb7 24. Bh3 Re8 25. g4 Bd6 26. d4 f6 27. c4 cxd4 28.
cxd5 Bxe5 29. Bg2 Bxd5 30. Bxd5 exd5 31. Qb5 Red8 32. Qd3 Qc2 33. Kg2 Qxd3 34.
Rxd3 Rc2 35. Rb3 Rdc8 0-1

[Event "TCh-FRA Top 12 2018"]
[Site "Brest FRA"]
[Date "2018.06.02"]
[Round "8.5"]
[Board "6"]
[White "Pelletier, Yannick"]
[Black "Nelis, Jean-Francois"]
[Result "1-0"]
[WhiteTitle "GM"]
[WhiteElo "2550"]
[BlackElo "2141"]
[WhiteTeam "BISCHWILLER"]
[BlackTeam "C.E.M.C. Monaco"]
[WhiteFideId "1301837"]
[BlackFideId "623830"]
[EventDate "2018.05.26"]

1. Nf3 c5 2. c4 b6 3. Nc3 Bb7 4. e4 Nc6 5. d4 cxd4 6. Nxd4 e6 7. Bf4 Qf6 8. Nde2
Bb4 9. Qd2 Nge7 10. a3 Bxc3 11. Nxc3 e5 12. Rd1 O-O-O 13. Be3 d6 14. Bd3 h6 15.
O-O Kb8 16. b4 Qg6 17. Nd5 Rhe8 18. a4 f5 19. exf5 Nxf5 20. Be4 Qe6 21. a5 Nxe3
22. fxe3 bxa5 23. bxa5 Ka8 1-0

[Event "TCh-FRA Top 12 2018"]
[Site "Brest FRA"]
[Date "2018.06.02"]
[Round "8.5"]
[Board "7"]
[White "Gadarinian, Caroline"]
[Black "Maze, Sebastien"]
[Result "0-1"]
[BlackTitle "GM"]
[WhiteElo "2007"]
[BlackElo "2615"]
[WhiteTeam "C.E.M.C. Monaco"]
[BlackTeam "BISCHWILLER"]
[WhiteFideId "642401"]
[BlackFideId "613762"]
[EventDate "2018.05.26"]

1. Nf3 Nf6 2. d4 h6 3. Bf4 g5 4. Bg3 Bg7 5. e3 d6 6. Bd3 Nh5 7. O-O Nxg3 8. hxg3
O-O 9. c3 e6 10. Nbd2 f5 11. Qe2 Nd7 12. Bc4 d5 13. Bb3 c6 14. Nh2 Nf6 15. f3
Qc7 16. f4 g4 17. Rfc1 a5 18. a4 b6 19. c4 Ba6 20. Qd1 Qd7 21. Nhf1 Rfe8 22. Ba2
Bf8 23. Qb3 Bb4 24. Rc2 Kg7 25. Rac1 Rac8 26. Qd3 c5 27. b3 Red8 28. Rd1 Rc6 29.
dxc5 Bxc5 30. Qc3 d4 0-1

[Event "TCh-FRA Top 12 2018"]
[Site "Brest FRA"]
[Date "2018.06.02"]
[Round "8.5"]
[Board "8"]
[White "Maisuradze, Nino"]
[Black "Van Hoolandt, Patrick"]
[Result "1-0"]
[WhiteTitle "WGM"]
[BlackTitle "FM"]
[WhiteElo "2172"]
[BlackElo "2086"]
[WhiteTeam "BISCHWILLER"]
[BlackTeam "C.E.M.C. Monaco"]
[WhiteFideId "13601717"]
[BlackFideId "200999"]
[EventDate "2018.05.26"]

1. d4 Nf6 2. c4 e6 3. Nf3 Bb4+ 4. Bd2 Qe7 5. e3 b6 6. Bd3 Bb7 7. O-O Bxd2 8.
Nbxd2 d6 9. Qc2 c5 10. a3 O-O 11. b4 Nbd7 12. Rab1 Rac8 13. Rfd1 Rfd8 14. h3 Rc7
15. dxc5 bxc5 16. b5 d5 17. a4 e5 18. cxd5 Nxd5 19. Bxh7+ Kh8 20. Be4 N7f6 21.
Bxd5 Nxd5 22. Ne4 f5 23. Ng3 g6 24. e4 f4 25. exd5 fxg3 26. fxg3 e4 27. Qc3+ Kh7
28. Ne5 Qf6 29. Rf1 Qg7 30. Rbc1 Rxd5 31. Ng4 Qxc3 32. Rxc3 Rd3 33. Rfc1 Bc8 34.
Nf6+ Kh6 35. Nxe4 Rxc3 36. Rxc3 c4 37. Kf2 Be6 38. g4 Rd7 39. g5+ Kg7 40. Nc5
Rf7+ 41. Rf3 Rxf3+ 42. Kxf3 Bd5+ 43. Ke3 Bxg2 44. h4 Kf7 45. Kd4 Bf1 46. Kc3 Be2
47. a5 Ke7 48. Ne4 Kd7 49. Ng3 Bd3 50. Kd4 Kd6 51. Ne4+ Ke6 1-0

[Event "TCh-FRA Top 12 2018"]
[Site "Brest FRA"]
[Date "2018.06.02"]
[Round "8.6"]
[Board "2"]
[White "Jobava, Baadur"]
[Black "Fressinet, Laurent"]
[Result "1-0"]
[WhiteTitle "GM"]
[BlackTitle "GM"]
[WhiteElo "2663"]
[BlackElo "2651"]
[WhiteTeam "Tremblay en France"]
[BlackTeam "CLICHY Echecs 92"]
[WhiteFideId "13601520"]
[BlackFideId "608742"]
[EventDate "2018.05.26"]

1. e4 e5 2. Nf3 Nc6 3. Bb5 a6 4. Bxc6 dxc6 5. O-O Bd6 6. Na3 Be6 7. d4 exd4 8.
Qxd4 f6 9. Qc3 Ne7 10. Nc4 Bxc4 11. Qxc4 Qd7 12. Nd4 b5 13. Qb3 c5 14. Ne6 c4
15. Qh3 Kf7 16. Ng5+ Ke8 17. Ne6 Kf7 18. Ng5+ Ke8 19. Qxd7+ Kxd7 20. Nf7 Rhe8
21. Rd1 Kc6 22. Be3 Ng6 23. Nxd6 cxd6 24. a4 Ne5 25. f3 g5 26. Kf2 Reb8 27.
axb5+ axb5 28. Ba7 Rd8 29. Ke3 Re8 30. Bd4 h5 31. Bc3 Nd7 32. Rxa8 Rxa8 33. h4
Ra2 34. g3 gxh4 35. gxh4 Ne5 36. Rd5 f5 37. Kf4 fxe4 38. fxe4 Ra1 39. Kf5 Nd7
40. Bb4 Rf1+ 41. Kg5 Nc5 42. Bxc5 dxc5 43. Rd2 Re1 44. Kxh5 Rxe4 45. Kg5 c3 46.
bxc3 Re3 47. c4 bxc4 48. h5 Rg3+ 49. Kh4 Rg1 50. Rh2 Kd5 1-0

[Event "TCh-FRA Top 12 2018"]
[Site "Brest FRA"]
[Date "2018.06.02"]
[Round "8.6"]
[Board "3"]
[White "Van Foreest, Jorden"]
[Black "Piorun, Kacper"]
[Result "1/2-1/2"]
[WhiteTitle "GM"]
[BlackTitle "GM"]
[WhiteElo "2638"]
[BlackElo "2633"]
[WhiteTeam "CLICHY Echecs 92"]
[BlackTeam "Tremblay en France"]
[WhiteFideId "1039784"]
[BlackFideId "1130420"]
[EventDate "2018.05.26"]

1. e4 e5 2. Nf3 Nc6 3. Bc4 Bc5 4. c3 Nf6 5. d3 d6 6. O-O a6 7. a4 Ba7 8. Na3 h6
9. Nc2 O-O 10. Be3 Re8 11. Bxa7 Rxa7 12. Re1 Ra8 13. b4 Be6 14. Bxe6 Rxe6 15.
Ne3 Ne7 16. Qc2 Ng6 17. a5 d5 18. c4 d4 19. Nf5 Ne7 20. Nd2 g6 21. Ng3 Nc6 22.
Reb1 Nd7 23. Ne2 Qf8 24. c5 b6 25. Nc4 bxc5 26. bxc5 Qxc5 27. Qd2 Kg7 28. f4
Ree8 29. Rf1 1/2-1/2

[Event "TCh-FRA Top 12 2018"]
[Site "Brest FRA"]
[Date "2018.06.02"]
[Round "8.6"]
[Board "4"]
[White "Bellahcene, Bilel"]
[Black "Tregubov, Pavel V."]
[Result "1/2-1/2"]
[WhiteTitle "GM"]
[BlackTitle "GM"]
[WhiteElo "2488"]
[BlackElo "2578"]
[WhiteTeam "Tremblay en France"]
[BlackTeam "CLICHY Echecs 92"]
[WhiteFideId "696358"]
[BlackFideId "4115341"]
[EventDate "2018.05.26"]

1. e4 e5 2. Nf3 Nf6 3. Nxe5 d6 4. Nf3 Nxe4 5. d4 d5 6. Bd3 Bd6 7. O-O O-O 8. c4
c6 9. Nc3 Nxc3 10. bxc3 dxc4 11. Bxc4 Bf5 12. Bg5 Qa5 13. Nh4 Be6 14. Bxe6 Qxg5
15. Nf3 Qa5 16. Bb3 Nd7 17. Qd3 Rae8 18. g3 g6 19. Nd2 Qd8 20. Rfe1 Kg7 21. Kg2
Rxe1 22. Rxe1 Re8 23. Rxe8 1/2-1/2

[Event "TCh-FRA Top 12 2018"]
[Site "Brest FRA"]
[Date "2018.06.02"]
[Round "8.6"]
[Board "5"]
[White "Van Wely, Loek"]
[Black "Shchekachev, Andrei"]
[Result "1-0"]
[WhiteTitle "GM"]
[BlackTitle "GM"]
[WhiteElo "2667"]
[BlackElo "2540"]
[WhiteTeam "CLICHY Echecs 92"]
[BlackTeam "Tremblay en France"]
[WhiteFideId "1000268"]
[BlackFideId "4107730"]
[EventDate "2018.05.26"]

1. d4 Nf6 2. c4 e6 3. Nf3 Bb4+ 4. Nbd2 O-O 5. a3 Be7 6. e4 d6 7. Be2 c5 8. d5 e5
9. h4 Kh8 10. Qc2 Nbd7 11. Nf1 Nh5 12. g3 Ndf6 13. Ng5 g6 14. b4 b6 15. Bb2 Kg8
16. Ne3 Bd7 17. Kf1 Qc8 18. Kg2 Ng4 19. Nxg4 Bxg4 20. f3 Bd7 21. Raf1 h6 22. Nh3
Bxh4 23. Nf2 Bg5 24. f4 exf4 25. Bxh5 gxh5 26. gxf4 Bxf4 27. Bf6 Bg5 28. Bxg5
hxg5 29. Rxh5 f6 30. Rfh1 Kf7 31. e5 dxe5 32. Qh7+ Ke8 33. Ne4 Kd8 34. Qg7 Kc7
35. Rh7 Rd8 36. Nxf6 a6 37. Nxd7 Rxd7 38. Qxe5+ Kb7 39. Qd6 1-0

[Event "TCh-FRA Top 12 2018"]
[Site "Brest FRA"]
[Date "2018.06.02"]
[Round "8.6"]
[Board "6"]
[White "Abergel, Thal"]
[Black "Kosteniuk, Alexandra"]
[Result "0-1"]
[WhiteTitle "GM"]
[BlackTitle "GM"]
[WhiteElo "2429"]
[BlackElo "2555"]
[WhiteTeam "Tremblay en France"]
[BlackTeam "CLICHY Echecs 92"]
[WhiteFideId "614890"]
[BlackFideId "4128125"]
[EventDate "2018.05.26"]

1. e4 c6 2. d4 d5 3. Nc3 dxe4 4. Nxe4 Bf5 5. Ng3 Bg6 6. Nh3 Nd7 7. Nf4 Qc7 8.
Be3 O-O-O 9. Nxg6 hxg6 10. Qf3 Qa5+ 11. c3 f5 12. b4 Qc7 13. O-O-O Ngf6 14. Bf4
e5 15. dxe5 Nd5 16. Bc4 Nxf4 17. Qxf4 Qxe5 18. Qd2 Bxb4 19. cxb4 Nb6 20. Bd3
Qa1+ 21. Kc2 Qxa2+ 22. Kc1 Qa1+ 23. Kc2 Qa2+ 24. Kc1 Qa3+ 25. Kc2 Na4 26. Rb1
Rxd3 27. Qxd3 Qa2+ 28. Kc1 Rd8 29. Qc2 Qa3+ 30. Rb2 Rd3 31. Ne2 Nxb2 0-1

[Event "TCh-FRA Top 12 2018"]
[Site "Brest FRA"]
[Date "2018.06.02"]
[Round "8.6"]
[Board "7"]
[White "Barbot, Pierre1"]
[Black "Vlachos, Anatole"]
[Result "1-0"]
[WhiteTitle "IM"]
[BlackTitle "FM"]
[WhiteElo "2421"]
[BlackElo "2433"]
[WhiteTeam "CLICHY Echecs 92"]
[BlackTeam "Tremblay en France"]
[WhiteFideId "663727"]
[BlackFideId "26093189"]
[EventDate "2018.05.26"]

1. d4 g6 2. e4 Bg7 3. Nc3 d6 4. Nf3 Nf6 5. Be2 O-O 6. O-O Nc6 7. d5 Nb8 8. h3 c6
9. a4 Nbd7 10. Re1 Nc5 11. Bf1 cxd5 12. exd5 Re8 13. a5 Bd7 14. Ra3 Rc8 15. Be3
b6 16. a6 e6 17. dxe6 Bxe6 18. Nb5 Re7 19. Nfd4 Bd5 20. c4 Ba8 21. b4 Nce4 22.
f3 Ng3 23. Bd3 d5 24. c5 bxc5 25. bxc5 Nd7 26. Bf2 Nh5 27. c6 Ne5 28. c7 Qd7 29.
Bf1 Nc4 30. Rxe7 Qxe7 31. Rb3 Rf8 32. Qc2 Be5 33. Bxc4 dxc4 34. Qxc4 Rc8 35. Re3
Qf6 36. Qc5 Bxd4 37. Qxd4 Qxd4 38. Nxd4 Nf6 39. Nb5 Bd5 40. Bg3 1-0

[Event "TCh-FRA Top 12 2018"]
[Site "Brest FRA"]
[Date "2018.06.02"]
[Round "8.6"]
[Board "8"]
[White "Aflalo, Sophie"]
[Black "Guichard, Pauline"]
[Result "0-1"]
[BlackTitle "WGM"]
[WhiteElo "2104"]
[BlackElo "2303"]
[WhiteTeam "Tremblay en France"]
[BlackTeam "CLICHY Echecs 92"]
[WhiteFideId "656887"]
[BlackFideId "639370"]
[EventDate "2018.05.26"]

1. Nf3 d5 2. g3 c6 3. Bg2 Bg4 4. d3 Nd7 5. O-O e6 6. b3 Bd6 7. Bb2 Ngf6 8. c4
O-O 9. Nbd2 a5 10. h3 Bxf3 11. Nxf3 a4 12. Nd4 Qb6 13. e3 Ra6 14. g4 Rfa8 15. g5
Ne8 16. Qh5 axb3 17. axb3 Rxa1 18. Bxa1 g6 19. Qg4 Ng7 20. cxd5 cxd5 21. f4 Nf5
22. Nxf5 gxf5 23. Qf3 Qxb3 24. e4 dxe4 25. dxe4 Qxf3 26. Bxf3 fxe4 27. Bxe4 Nc5
28. Bg2 Bxf4 29. Bd4 Bd6 30. Rc1 Nb3 31. Bxb7 Nxc1 32. Bg2 Nb3 0-1

[Event "TCh-FRA Top 12 2018"]
[Site "Brest FRA"]
[Date "2018.06.03"]
[Round "9.1"]
[Board "1"]
[White "Wagner, Dennis"]
[Black "Kosten, Anthony C."]
[Result "1/2-1/2"]
[WhiteTitle "GM"]
[BlackTitle "GM"]
[WhiteElo "2567"]
[BlackElo "2448"]
[WhiteTeam "NICE Alekhine"]
[BlackTeam "C.E.M.C. Monaco"]
[WhiteFideId "24650684"]
[BlackFideId "400114"]
[EventDate "2018.05.26"]

1. e4 e5 2. Nf3 Nc6 3. Bc4 Nf6 4. d3 Bc5 5. c3 O-O 6. a4 a6 7. b4 Ba7 8. Bg5 h6
9. Bh4 d6 10. Na3 Be6 11. O-O Re8 12. Re1 Bxc4 13. Nxc4 Re6 14. b5 Ne7 15. Rb1
Ng6 16. Bg3 Qe8 17. b6 cxb6 18. Nxb6 Rd8 19. c4 Re7 20. a5 Rc7 21. Qd2 Rc6 22.
Nd5 Nxd5 23. cxd5 Rc7 24. d4 f6 25. h4 Rdc8 26. Qd1 Qf7 27. h5 Ne7 28. dxe5 fxe5
29. Nh4 Rf8 30. Rf1 Bd4 31. Rb3 Qe8 32. Qg4 Qc8 33. Qxc8 Rfxc8 34. Rfb1 Bc3 35.
f4 exf4 36. Bxf4 Rc4 37. Rxc3 Rxc3 38. Rxb7 R3c7 39. Rxc7 Rxc7 40. Bxd6 Rd7 41.
Bc5 Rc7 42. Bb6 Rc1+ 43. Kf2 Kf7 44. Ke2 Nc8 45. Bd4 Rc4 46. Nf5 Ra4 47. g4 Ne7
48. Nd6+ Kf8 49. Bc3 Ra2+ 50. Ke3 Rg2 51. Kf3 Rc2 52. Bb4 Rb2 53. Bc5 Rc2 54.
Bd4 Ra2 55. Bb6 g6 56. hxg6 Nxg6 57. Nf5 Ra3+ 58. Kf2 Ra2+ 59. Ke3 Ra3+ 60. Kd4
Ra4+ 61. Ke3 Ra3+ 62. Kd2 Rh3 63. Bc7 Ke8 64. Bb8 Ra3 65. Bc7 Kd7 66. Bb6 Ne5
67. Nxh6 Rh3 68. Nf5 Nxg4 69. Bd4 Ra3 70. e5 Nxe5 71. Bxe5 Rxa5 72. Ne3 Rxd5+
73. Nxd5 Ke6 74. Nc7+ Kxe5 75. Nxa6 1/2-1/2

[Event "TCh-FRA Top 12 2018"]
[Site "Brest FRA"]
[Date "2018.06.03"]
[Round "9.1"]
[Board "2"]
[White "Cornette, Deimante"]
[Black "Stevic, Hrvoje"]
[Result "1-0"]
[WhiteTitle "IM"]
[BlackTitle "GM"]
[WhiteElo "2461"]
[BlackElo "2588"]
[WhiteTeam "C.E.M.C. Monaco"]
[BlackTeam "NICE Alekhine"]
[WhiteFideId "12802859"]
[BlackFideId "14502569"]
[EventDate "2018.05.26"]

1. e4 e5 2. Nf3 Nc6 3. Bb5 g6 4. d4 exd4 5. Bg5 Be7 6. Bxe7 Qxe7 7. Bxc6 dxc6 8.
Qxd4 Nf6 9. Nc3 Bg4 10. Nd2 c5 11. Qd3 Bd7 12. O-O-O O-O-O 13. Qe3 Be6 14. h3
Nd7 15. f4 f6 16. Nf3 Nb6 17. g4 Bf7 18. g5 Rxd1+ 19. Rxd1 h6 20. gxf6 Qxf6 21.
e5 Qf5 22. Nh4 Qh5 23. e6 Be8 24. Nf3 Bc6 25. Ne5 Re8 26. Nxc6 bxc6 27. e7 Qf5
28. Ne4 Nd5 29. Qd3 Qxf4+ 30. Kb1 Rxe7 31. Nxc5 Qf6 32. Rf1 Nb4 33. Qc4 Kd8 34.
Qg8+ Re8 35. Qxe8+ 1-0

[Event "TCh-FRA Top 12 2018"]
[Site "Brest FRA"]
[Date "2018.06.03"]
[Round "9.1"]
[Board "3"]
[White "Gharamian, Tigran"]
[Black "Villegas, Pierre"]
[Result "1-0"]
[WhiteTitle "GM"]
[BlackTitle "FM"]
[WhiteElo "2614"]
[BlackElo "2345"]
[WhiteTeam "NICE Alekhine"]
[BlackTeam "C.E.M.C. Monaco"]
[WhiteFideId "13301527"]
[BlackFideId "654183"]
[EventDate "2018.05.26"]

1. e4 c6 2. d4 d5 3. e5 Bf5 4. Nf3 e6 5. Be2 c5 6. Be3 cxd4 7. Nxd4 Ne7 8. O-O
Nbc6 9. Bb5 a6 10. Bxc6+ bxc6 11. c4 Qd7 12. Nc3 dxc4 13. Na4 Nd5 14. Nxf5 exf5
15. Rc1 c3 16. Qc2 Qe6 17. Bd4 Nb4 18. Qxc3 Nxa2 19. Qxc6+ Qxc6 20. Rxc6 Be7 21.
Rc7 Nb4 22. Rxe7+ Kxe7 23. Bc5+ Ke6 24. Bxb4 f4 25. Bc3 Rac8 26. Ra1 Rc6 27. Rd1
Rb8 28. Kf1 Rb5 29. Rd8 Rd5 30. Rb8 Rd1+ 31. Ke2 Ra1 32. Nb6 g5 33. Re8+ Kf5 34.
Nc8 Rc7 35. Nd6+ 1-0